| 000 | 00833nam a2200181 a 4500 | ||
|---|---|---|---|
| 001 | 000025572 | ||
| 005 | 20200930023903.0 | ||
| 008 | 110216s1973 ck r 000 | spa d | ||
| 040 |
_aDO-SdBNP _bspa _cBNPHU |
||
| 082 |
_axxx _bR382c |
||
| 245 | 1 | 0 | _aRelatos de ciencia ficción : antología.--. |
| 260 |
_aBogotá : _bInstituto Colombiano de Cultura, _c1973. |
||
| 300 |
_a151 p. ; _c17 cm. |
||
| 490 | 1 |
_aBiblioteca colombiana de cultura . Popular _v116 |
|
| 505 |
_aEl fin de la evolución / _aRobert Arthur _aUn húmedo paseo / _aD. Etchinson _aMultivac / _aIsaac Asimov _aEl mensajero del futuro / _aPaul Anderson _aAflicciones del hombre humano / _aRobert Scheckley _aLas botas mágicas / _aViktor Saparin _aLa máquina CE, modelo NR-1 / _aA. Dneprov. |
||
| 830 | 0 |
_aBiblioteca colombiana de cultura, _pPopular, _v116 _947976 |
|
| 049 | _aBNGR | ||
| 999 |
_c25064 _d25064 |
||